Sinh cảnh của các loài sinh vật bị đe dọa trên địa bàn tỉnh Cà Mau : Luận văn tốt nghiệp Cao học. Ngành Quản lý Tài nguyên và Môi trường
Đề tài xác định sự tồn tại và sinh cảnh của các loài sinh vật bị đe dọa trên địa bàn tỉnh Cà Mau, xác định những tác động từ các hoạt động kinh tế - xã hội đến các loài sinh vật bị đe dọa.
שמור ב:
| מחבר ראשי: | |
|---|---|
| פורמט: | ספר |
| שפה: | Undetermined |
| יצא לאור: |
Cần Thơ
Trường Đại học Cần Thơ
2015
|
| נושאים: | |
| תגים: |
הוספת תג
אין תגיות, היה/י הראשונ/ה לתייג את הרשומה!
|
| Thư viện lưu trữ: | Trung tâm Học liệu Trường Đại học Cần Thơ |
|---|
| LEADER | 01082nam a2200205Ia 4500 | ||
|---|---|---|---|
| 001 | CTU_202989 | ||
| 008 | 210402s9999 xx 000 0 und d | ||
| 082 | |a 577 | ||
| 082 | |b M312 | ||
| 100 | |a Nguyễn, Văn Minh | ||
| 245 | 0 | |a Sinh cảnh của các loài sinh vật bị đe dọa trên địa bàn tỉnh Cà Mau : | |
| 245 | 0 | |b Luận văn tốt nghiệp Cao học. Ngành Quản lý Tài nguyên và Môi trường | |
| 245 | 0 | |c Nguyễn Văn Minh ; Nguyễn Văn Công (Cán bộ hướng dẫn) | |
| 260 | |a Cần Thơ | ||
| 260 | |b Trường Đại học Cần Thơ | ||
| 260 | |c 2015 | ||
| 520 | |a Đề tài xác định sự tồn tại và sinh cảnh của các loài sinh vật bị đe dọa trên địa bàn tỉnh Cà Mau, xác định những tác động từ các hoạt động kinh tế - xã hội đến các loài sinh vật bị đe dọa. | ||
| 650 | |a Sinh thái học,Ecology | ||
| 904 | |i Hải | ||
| 980 | |a Trung tâm Học liệu Trường Đại học Cần Thơ | ||